[Event "DVM U20 2018"]
[Site "Osnabrück GER"]
[Date "2018.12.28"]
[Round "4"]
[White "Kololli, Martin"]
[Black "Böhning, Kilian"]
[Result "1-0"]
[Termination "normal"]
[Board "4.1"]
[WhiteTitle "FM"]
[WhiteElo "2343"]
[BlackElo "2097"]
[WhiteClock "01:04:03"]
[BlackClock "01:03:11"]
[WhiteTeam "Lübecker SV"]
[BlackTeam "Hagener SV"]
[PlyCount "23"]
[WhiteFideId "12936910"]
[BlackFideId "1270499"]
[EventCountry "GER"]
[EventRounds "7"]
[EventType "team-swiss"]
[EventDate "2018.12.26"]

1. d4 {[%clk 1:31:15]} f5 2. e4 {[%clk 1:31:39]} fxe4 {[%clk 1:30:26]} 3. Nc3
{[%clk 1:31:45]} Nf6 {[%clk 1:27:53]} 4. f3 {[%clk 1:31:18]} e3 {[%clk
1:26:30]} 5. Bxe3 {[%clk 1:29:58]} e6 {[%clk 1:18:19]} 6. Bd3 {[%clk 1:21:12]}
b6 {[%clk 1:17:02]} 7. Qe2 {[%clk 1:16:09]} Bb7 {[%clk 1:16:34]} 8. O-O-O
{[%clk 1:13:28]} Be7 {[%clk 1:16:16]} 9. h4 {[%clk 1:12:55]} Nc6 {[%clk
1:08:41]} 10. a3 {[%clk 1:11:21]} Nd5 {[%clk 1:03:11]} 11. Nxd5 {[%clk
1:04:03]} exd5 12. Nh3 {[%clk 1:04:03]} 1-0

[Event "DVM U20 2018"]
[Site "Osnabrück GER"]
[Date "2018.12.28"]
[Round "4"]
[White "Balazs, Balint"]
[Black "Poghosyan, Tigran"]
[Result "0-1"]
[Termination "normal"]
[Board "4.2"]
[WhiteElo "2105"]
[BlackElo "2187"]
[WhiteClock "00:06:00"]
[BlackClock "00:52:31"]
[WhiteTeam "Hagener SV"]
[BlackTeam "Lübecker SV"]
[PlyCount "52"]
[WhiteFideId "12922757"]
[BlackFideId "12909319"]
[EventCountry "GER"]
[EventRounds "7"]
[EventType "team-swiss"]
[EventDate "2018.12.26"]

1. Nf3 {[%clk 1:30:55]} Nf6 {[%clk 1:30:55]} 2. g3 {[%clk 1:31:13]} g6 {[%clk
1:31:22]} 3. Bg2 {[%clk 1:31:37]} Bg7 {[%clk 1:31:51]} 4. O-O {[%clk 1:31:07]}
O-O {[%clk 1:32:18]} 5. c4 {[%clk 1:30:35]} d5 {[%clk 1:32:41]} 6. cxd5 {[%clk
1:30:04]} Nxd5 {[%clk 1:31:53]} 7. Nc3 {[%clk 1:19:55]} c5 {[%clk 1:31:43]} 8.
a3 {[%clk 1:02:25]} Nc6 {[%clk 1:31:24]} 9. Qc2 {[%clk 0:56:41]} Nb6 {[%clk
1:24:45]} 10. d3 {[%clk 0:49:25]} Nd4 11. Nxd4 {[%clk 0:48:57]} cxd4 {[%clk
1:20:39]} 12. Ne4 {[%clk 0:46:47]} Bd7 {[%clk 1:20:19]} 13. Nc5 {[%clk
0:43:16]} Rc8 {[%clk 1:15:28]} 14. Bxb7 {[%clk 0:36:43]} Ba4 {[%clk 1:15:32]}
15. b3 {[%clk 0:35:57]} Bxb3 {[%clk 1:12:23]} 16. Qxb3 {[%clk 0:36:18]} Rxc5
{[%clk 1:12:51]} 17. Bd2 {[%clk 0:34:01]} Qd7 {[%clk 1:10:32]} 18. Bb4 {[%clk
0:30:28]} Rb5 {[%clk 1:08:15]} 19. Ba6 {[%clk 0:29:54]} Rh5 20. f3 {[%clk
0:20:29]} Bh6 {[%clk 1:02:17]} 21. g4 {[%clk 0:16:02]} Be3+ {[%clk 1:01:00]}
22. Kg2 {[%clk 0:15:53]} Rg5 {[%clk 0:58:58]} 23. Be1 {[%clk 0:14:33]} Nd5
{[%clk 0:57:50]} 24. Bg3 {[%clk 0:11:46]} Bd2 {[%clk 0:56:33]} 25. Rfb1 {[%clk
0:09:06]} Qe6 {[%clk 0:52:34]} 26. e4 {[%clk 0:06:00]} Ne3+ {[%clk 0:52:31]}
0-1

[Event "DVM U20 2018"]
[Site "Osnabrück GER"]
[Date "2018.12.28"]
[Round "4"]
[White "Bosselmann, Tom Linus"]
[Black "Bach, Jannik"]
[Result "1/2-1/2"]
[Termination "normal"]
[Board "4.3"]
[WhiteElo "2057"]
[BlackElo "2034"]
[WhiteClock "00:13:21"]
[BlackClock "00:01:21"]
[WhiteTeam "Lübecker SV"]
[BlackTeam "Hagener SV"]
[PlyCount "107"]
[WhiteFideId "12983845"]
[BlackFideId "24615900"]
[EventCountry "GER"]
[EventRounds "7"]
[EventType "team-swiss"]
[EventDate "2018.12.26"]

1. e4 {[%clk 1:30:57]} c6 {[%clk 1:30:54]} 2. Nc3 {[%clk 1:31:21]} d5 {[%clk
1:31:16]} 3. Nf3 {[%clk 1:31:45]} Bg4 {[%clk 1:31:34]} 4. h3 Bxf3 {[%clk
1:22:48]} 5. Qxf3 {[%clk 1:32:31]} Nf6 {[%clk 1:21:04]} 6. exd5 {[%clk
1:11:53]} cxd5 7. d4 {[%clk 1:11:32]} Nc6 {[%clk 0:53:36]} 8. Be3 e6 {[%clk
0:40:30]} 9. g4 {[%clk 0:56:28]} Bb4 10. Bd3 Rc8 {[%clk 0:21:30]} 11. g5 {[%clk
0:52:26]} Nd7 {[%clk 0:19:57]} 12. O-O Be7 13. Qg4 {[%clk 0:50:10]} Nb4 {[%clk
0:08:42]} 14. Rad1 {[%clk 0:47:57]} Nxd3 {[%clk 0:08:53]} 15. Rxd3 {[%clk
0:48:22]} Nb6 {[%clk 0:08:37]} 16. b3 Rc6 {[%clk 0:08:13]} 17. f4 {[%clk
0:46:21]} g6 18. Bd2 {[%clk 0:45:40]} Nc8 {[%clk 0:06:26]} 19. Re1 {[%clk
0:32:26]} Nd6 {[%clk 0:03:46]} 20. Qf3 {[%clk 0:32:08]} Nf5 {[%clk 0:03:37]}
21. Kh1 h5 {[%clk 0:01:56]} 22. Re2 {[%clk 0:31:23]} Kf8 23. Be1 {[%clk
0:30:50]} a6 {[%clk 0:01:21]} 24. Nd1 {[%clk 0:31:03]} Qc7 {[%clk 0:01:09]} 25.
c3 {[%clk 0:31:23]} Bd6 {[%clk 0:01:05]} 26. Rf2 {[%clk 0:31:20]} Kg7 {[%clk
0:01:01]} 27. Ne3 {[%clk 0:31:26]} Nxe3 {[%clk 0:00:48]} 28. Rxe3 {[%clk
0:31:35]} Rd8 29. h4 {[%clk 0:28:22]} b5 {[%clk 0:01:05]} 30. b4 {[%clk
0:18:46]} Rc4 {[%clk 0:00:36]} 31. a3 {[%clk 0:18:04]} Qc6 {[%clk 0:00:49]} 32.
Ra2 {[%clk 0:16:56]} Ra8 {[%clk 0:00:40]} 33. Ree2 {[%clk 0:17:05]} a5 {[%clk
0:00:36]} 34. Kg2 {[%clk 0:16:36]} Qc7 35. Kg3 {[%clk 0:15:08]} Qc6 {[%clk
0:00:52]} 36. Kg2 {[%clk 0:15:09]} Qc7 {[%clk 0:01:09]} 37. Kg3 {[%clk
0:15:32]} Ra7 {[%clk 0:00:55]} 38. Rf2 {[%clk 0:15:24]} Ra6 {[%clk 0:00:35]}
39. Rfe2 {[%clk 0:15:46]} Qc6 {[%clk 0:00:36]} 40. Kg2 {[%clk 0:16:04]} Kg8
{[%clk 0:00:33]} 41. Rf2 {[%clk 0:15:21]} Qa8 42. Rac2 {[%clk 0:31:49]} axb4
{[%clk 0:11:44]} 43. axb4 Ra1 {[%clk 0:10:04]} 44. Qe3 {[%clk 0:26:20]} Rc6
{[%clk 0:08:21]} 45. Rfe2 {[%clk 0:20:14]} Rc8 {[%clk 0:04:13]} 46. Qd2 {[%clk
0:18:18]} Qc6 {[%clk 0:04:02]} 47. Kf3 {[%clk 0:16:24]} Rca8 {[%clk 0:04:09]}
48. Re3 Kg7 {[%clk 0:03:46]} 49. Rb2 {[%clk 0:14:31]} Qc4 {[%clk 0:02:49]} 50.
Re2 {[%clk 0:13:37]} R8a3 {[%clk 0:02:43]} 51. Kf2 {[%clk 0:13:20]} Qc7 {[%clk
0:02:31]} 52. Kf3 {[%clk 0:12:28]} Qc4 {[%clk 0:01:52]} 53. Kf2 {[%clk
0:12:52]} Qc7 {[%clk 0:01:21]} 54. Kf3 {[%clk 0:13:21]} 1/2-1/2

[Event "DVM U20 2018"]
[Site "Osnabrück GER"]
[Date "2018.12.28"]
[Round "4"]
[White "Hoppe, Andreas"]
[Black "Rietschel, Tilo"]
[Result "1-0"]
[Termination "normal"]
[Board "4.4"]
[WhiteElo "1979"]
[BlackElo "1916"]
[WhiteClock "00:10:04"]
[BlackClock "00:13:46"]
[WhiteTeam "Hagener SV"]
[BlackTeam "Lübecker SV"]
[PlyCount "59"]
[WhiteFideId "12922811"]
[BlackFideId "16208390"]
[EventCountry "GER"]
[EventRounds "7"]
[EventType "team-swiss"]
[EventDate "2018.12.26"]

1. d4 {[%clk 1:30:57]} Nf6 {[%clk 1:30:50]} 2. Bf4 {[%clk 1:31:13]} e6 {[%clk
1:30:12]} 3. Nf3 {[%clk 1:30:51]} Be7 {[%clk 1:29:07]} 4. e3 {[%clk 1:31:01]}
O-O {[%clk 1:29:09]} 5. Be2 {[%clk 1:31:02]} d5 6. h3 {[%clk 1:23:20]} Nbd7
{[%clk 1:28:41]} 7. O-O {[%clk 1:16:19]} b6 {[%clk 1:25:29]} 8. c4 Bb7 9. Nc3
{[%clk 1:14:50]} Rc8 {[%clk 1:20:58]} 10. Qa4 {[%clk 1:12:52]} a5 {[%clk
1:19:06]} 11. cxd5 {[%clk 1:09:08]} exd5 {[%clk 1:16:50]} 12. Nb5 Ba6 13. Rfe1
{[%clk 1:01:21]} Bxb5 {[%clk 1:06:13]} 14. Bxb5 {[%clk 1:01:06]} c5 {[%clk
1:04:44]} 15. Rad1 {[%clk 0:55:52]} cxd4 {[%clk 0:55:38]} 16. exd4 {[%clk
0:52:09]} Nb8 {[%clk 0:46:26]} 17. Ne5 {[%clk 0:42:06]} Ne4 {[%clk 0:29:31]}
18. a3 {[%clk 0:32:52]} Nd6 {[%clk 0:25:28]} 19. Re2 {[%clk 0:23:37]} Bf6 20.
Rde1 {[%clk 0:18:38]} Bxe5 {[%clk 0:22:28]} 21. Rxe5 {[%clk 0:16:50]} Nc4
{[%clk 0:21:22]} 22. Re8 {[%clk 0:13:38]} Qf6 {[%clk 0:21:30]} 23. Rxc8 {[%clk
0:13:51]} Rxc8 {[%clk 0:18:25]} 24. Bxc4 Nc6 25. Bxd5 {[%clk 0:10:48]} Qxf4
{[%clk 0:15:08]} 26. Qxc6 {[%clk 0:10:25]} Qb8 {[%clk 0:14:54]} 27. Qd7 {[%clk
0:09:07]} b5 {[%clk 0:13:16]} 28. Bxf7+ {[%clk 0:09:19]} Kh8 {[%clk 0:13:22]}
29. Qxc8+ {[%clk 0:09:43]} Qxc8 {[%clk 0:13:46]} 30. Re8+ {[%clk 0:10:04]} 1-0

[Event "DVM U20 2018"]
[Site "Osnabrück GER"]
[Date "2018.12.28"]
[Round "4"]
[White "Tiedemann, Fin Niklas"]
[Black "Laubrock, Paul"]
[Result "1/2-1/2"]
[Termination "normal"]
[Board "4.5"]
[WhiteElo "1902"]
[BlackElo "1968"]
[WhiteClock "00:16:55"]
[BlackClock "00:43:18"]
[WhiteTeam "Lübecker SV"]
[BlackTeam "Hagener SV"]
[PlyCount "45"]
[WhiteFideId "12936936"]
[BlackFideId "1270509"]
[EventCountry "GER"]
[EventRounds "7"]
[EventType "team-swiss"]
[EventDate "2018.12.26"]

1. e4 {[%clk 1:30:56]} c5 {[%clk 1:30:52]} 2. Nc3 {[%clk 1:30:42]} Nc6 {[%clk
1:31:08]} 3. g3 {[%clk 1:31:06]} g6 {[%clk 1:31:08]} 4. Bg2 {[%clk 1:31:31]}
Bg7 {[%clk 1:31:35]} 5. d3 {[%clk 1:31:55]} e6 {[%clk 1:31:16]} 6. f4 {[%clk
1:32:17]} Nge7 {[%clk 1:31:41]} 7. Nf3 {[%clk 1:32:43]} O-O {[%clk 1:31:07]} 8.
O-O {[%clk 1:31:27]} d6 {[%clk 1:30:26]} 9. Be3 {[%clk 1:31:30]} Nd4 {[%clk
1:29:23]} 10. Qd2 {[%clk 1:30:43]} Nec6 {[%clk 1:27:43]} 11. Ne1 {[%clk
1:26:08]} f5 12. Nd1 {[%clk 1:24:26]} e5 {[%clk 1:15:57]} 13. c3 {[%clk
1:17:27]} Ne6 {[%clk 1:09:36]} 14. Nc2 Qe7 15. Nf2 {[%clk 1:01:33]} Bd7 {[%clk
1:03:04]} 16. Rad1 {[%clk 0:45:10]} Rac8 {[%clk 0:48:26]} 17. Nh3 b5 {[%clk
0:47:16]} 18. Na3 {[%clk 0:32:01]} a6 {[%clk 0:45:13]} 19. Kh1 {[%clk 0:29:47]}
Rc7 20. Ng1 Bc8 {[%clk 0:43:48]} 21. Ne2 {[%clk 0:29:52]} Bb7 {[%clk 0:43:18]}
22. Nc2 {[%clk 0:16:55]} Rcc8 23. Kg1 1/2-1/2

[Event "DVM U20 2018"]
[Site "Osnabrück GER"]
[Date "2018.12.28"]
[Round "4"]
[White "Glaser, Maximilian"]
[Black "Dörp, Max Marian"]
[Result "1-0"]
[Termination "normal"]
[Board "4.6"]
[WhiteElo "1794"]
[BlackElo "1766"]
[WhiteClock "00:43:14"]
[BlackClock "00:00:46"]
[WhiteTeam "Hagener SV"]
[BlackTeam "Lübecker SV"]
[PlyCount "113"]
[WhiteFideId "12956961"]
[BlackFideId "12983551"]
[EventCountry "GER"]
[EventRounds "7"]
[EventType "team-swiss"]
[EventDate "2018.12.26"]

1. d4 {[%clk 1:30:50]} Nf6 2. Bf4 {[%clk 1:30:16]} g6 {[%clk 1:30:19]} 3. Nc3
{[%clk 1:30:34]} d5 {[%clk 1:29:03]} 4. f3 {[%clk 1:28:52]} Bg7 {[%clk
1:27:03]} 5. Qd2 {[%clk 1:28:52]} c6 {[%clk 1:25:12]} 6. O-O-O {[%clk 1:28:45]}
b5 7. Kb1 {[%clk 1:23:28]} Nbd7 {[%clk 1:14:42]} 8. g4 {[%clk 1:22:05]} Nb6
{[%clk 1:09:02]} 9. e3 {[%clk 1:20:09]} a5 10. h4 {[%clk 1:20:18]} b4 {[%clk
1:02:06]} 11. Nce2 {[%clk 1:20:18]} Nc4 {[%clk 1:02:02]} 12. Qe1 {[%clk
1:19:57]} Qb6 {[%clk 0:57:49]} 13. Nc1 Na3+ {[%clk 0:50:54]} 14. bxa3 {[%clk
1:20:17]} bxa3+ {[%clk 0:51:15]} 15. Nb3 {[%clk 1:20:44]} a4 {[%clk 0:50:17]}
16. h5 {[%clk 1:19:27]} axb3 {[%clk 0:46:11]} 17. cxb3 {[%clk 1:17:27]} Rg8
{[%clk 0:36:24]} 18. Qc3 {[%clk 1:17:27]} Nd7 19. hxg6 hxg6 {[%clk 0:35:10]}
20. Rh7 {[%clk 1:15:00]} c5 {[%clk 0:34:22]} 21. Rc1 {[%clk 1:13:42]} c4 22.
Ka1 {[%clk 1:09:24]} Nf8 {[%clk 0:23:26]} 23. Rxg7 {[%clk 1:09:24]} Rxg7 {[%clk
0:22:25]} 24. bxc4 Qb2+ {[%clk 0:18:04]} 25. Qxb2 {[%clk 1:10:03]} axb2+ {[%clk
0:18:30]} 26. Kxb2 {[%clk 1:09:43]} dxc4 {[%clk 0:16:40]} 27. Bxc4 Bd7 28. d5
{[%clk 1:07:49]} g5 {[%clk 0:15:27]} 29. Bg3 {[%clk 1:05:33]} Ng6 {[%clk
0:14:42]} 30. Nh3 {[%clk 1:04:24]} f6 {[%clk 0:10:34]} 31. Kc3 {[%clk 0:56:42]}
Rh7 32. Nf2 {[%clk 0:54:00]} Nh4 {[%clk 0:05:31]} 33. Rh1 {[%clk 0:50:59]} Kf8
{[%clk 0:05:05]} 34. f4 {[%clk 0:49:49]} Ra3+ {[%clk 0:04:30]} 35. Bb3 {[%clk
0:49:18]} Kg7 {[%clk 0:04:39]} 36. fxg5 {[%clk 0:49:19]} fxg5 {[%clk 0:00:47]}
37. Ne4 {[%clk 0:43:44]} Ng6 {[%clk 0:01:16]} 38. Rxh7+ {[%clk 0:43:34]} Kxh7
{[%clk 0:01:00]} 39. Nxg5+ {[%clk 0:43:39]} Kh6 {[%clk 0:01:08]} 40. Nf7+
{[%clk 0:42:53]} Kg7 41. Ne5 {[%clk 0:41:42]} Nxe5 {[%clk 0:00:57]} 42. Bxe5+
Kg6 {[%clk 0:28:30]} 43. Bd4 {[%clk 1:10:05]} Ra5 {[%clk 0:20:32]} 44. Bb6
{[%clk 1:06:38]} Ra8 45. Kd4 {[%clk 1:04:04]} Bxg4 {[%clk 0:15:09]} 46. Bc5
{[%clk 1:03:56]} Kf6 {[%clk 0:12:46]} 47. a3 {[%clk 0:59:03]} Bd7 {[%clk
0:10:59]} 48. Bb4 {[%clk 0:54:05]} Rb8 {[%clk 0:08:57]} 49. e4 {[%clk 0:50:02]}
e6 {[%clk 0:04:17]} 50. e5+ {[%clk 0:49:30]} Kf7 {[%clk 0:03:04]} 51. Bd1 Ke8
{[%clk 0:02:44]} 52. Bg4 {[%clk 0:43:30]} exd5 {[%clk 0:01:27]} 53. e6 {[%clk
0:43:48]} Rxb4+ {[%clk 0:00:35]} 54. axb4 {[%clk 0:43:57]} Bc6 {[%clk 0:00:52]}
55. Kc5 {[%clk 0:44:04]} Ba4 {[%clk 0:00:36]} 56. Kxd5 {[%clk 0:43:05]} Ke7
{[%clk 0:00:46]} 57. Kc5 {[%clk 0:43:14]} 1-0

[Event "DVM U20 2018"]
[Site "Osnabrück GER"]
[Date "2018.12.28"]
[Round "4"]
[White "Oberhofer, Cédric"]
[Black "Hoffmann, Jens"]
[Result "1-0"]
[Termination "normal"]
[Board "5.1"]
[WhiteElo "2260"]
[BlackElo "2000"]
[WhiteTeam "SC Bavaria Regensburg"]
[BlackTeam "SF HN-Biberach 1978 e.V."]
[PlyCount "45"]
[WhiteFideId "12941220"]
[BlackFideId "12946320"]
[EventCountry "GER"]
[EventRounds "7"]
[EventType "team-swiss"]
[EventDate "2018.12.26"]

1. e4 c5 2. Nf3 d6 3. d4 cxd4 4. Nxd4 Nf6 5. Nc3 a6 6. Bc4 e6 7. O-O b5 8. Bb3
Nbd7 9. Re1 Nc5 10. Bd5 Nxd5 11. exd5 b4 12. dxe6 bxc3 13. Qf3 Bxe6 14. Qc6+
Nd7 15. Nxe6 fxe6 16. Rxe6+ Kf7 17. Qd5 Nf6 18. Rxf6+ Kxf6 19. Bg5+ Kg6 20.
Bxd8 Rxd8 21. Qe6+ Kg5 22. h4+ Kxh4 23. f4 1-0

[Event "DVM U20 2018"]
[Site "Osnabrück GER"]
[Date "2018.12.28"]
[Round "4"]
[White "Triantafillidis, Simeon"]
[Black "Goldbeck, Lars"]
[Result "1/2-1/2"]
[Termination "normal"]
[Board "5.2"]
[WhiteElo "1955"]
[BlackElo "2172"]
[WhiteTeam "SF HN-Biberach 1978 e.V."]
[BlackTeam "SC Bavaria Regensburg"]
[PlyCount "60"]
[WhiteFideId "12953113"]
[BlackFideId "16208188"]
[EventCountry "GER"]
[EventRounds "7"]
[EventType "team-swiss"]
[EventDate "2018.12.26"]

1. e4 c5 2. Nf3 d6 3. Bb5+ Nd7 4. O-O a6 5. Bd3 Ngf6 6. c3 b5 7. Bc2 Bb7 8. Qe2
e6 9. d4 cxd4 10. cxd4 Be7 11. Bf4 Rc8 12. Bd3 O-O 13. Nbd2 Nb6 14. Rac1 Na4
15. Nb3 d5 16. e5 Ne4 17. Rxc8 Qxc8 18. Rc1 Qa8 19. Ne1 f5 20. f3 Ng5 21. Na5
Rc8 22. Rxc8+ Qxc8 23. Nxb7 Qxb7 24. b3 Nb6 25. a4 bxa4 26. bxa4 Nxa4 27. Bxa6
Qb4 28. Qd2 Qb6 29. Bxg5 Bxg5 30. Qxg5 Qxa6 1/2-1/2

[Event "DVM U20 2018"]
[Site "Osnabrück GER"]
[Date "2018.12.28"]
[Round "4"]
[White "Dechant, Georg"]
[Black "Arns, Alexander"]
[Result "1/2-1/2"]
[Termination "normal"]
[Board "5.3"]
[WhiteElo "2104"]
[BlackElo "1920"]
[WhiteTeam "SC Bavaria Regensburg"]
[BlackTeam "SF HN-Biberach 1978 e.V."]
[PlyCount "49"]
[WhiteFideId "12956716"]
[BlackFideId "12944009"]
[EventCountry "GER"]
[EventRounds "7"]
[EventType "team-swiss"]
[EventDate "2018.12.26"]

1. e4 d5 2. exd5 Qxd5 3. Nc3 Qa5 4. d4 Nf6 5. Nf3 Bg4 6. h3 Bxf3 7. Qxf3 c6 8.
Bc4 e6 9. Bd2 Qc7 10. O-O-O Nbd7 11. g4 Nb6 12. Bb3 O-O-O 13. Bg5 Be7 14. Rhe1
Nfd5 15. Bxe7 Qxe7 16. Bxd5 cxd5 17. a3 a6 18. Na2 Rd7 19. Qb3 Qd6 20. Kb1 Rc7
21. Nb4 Nc4 22. Nd3 Qh2 23. Qb4 a5 24. Qa4 Qd6 25. Nc5 1/2-1/2

[Event "DVM U20 2018"]
[Site "Osnabrück GER"]
[Date "2018.12.28"]
[Round "4"]
[White "Gerold, Robin"]
[Black "Gabler, Eric"]
[Result "0-1"]
[Termination "normal"]
[Board "5.4"]
[WhiteElo "1511"]
[BlackElo "2103"]
[WhiteTeam "SF HN-Biberach 1978 e.V."]
[BlackTeam "SC Bavaria Regensburg"]
[PlyCount "76"]
[WhiteFideId "16235185"]
[BlackFideId "12949841"]
[EventCountry "GER"]
[EventRounds "7"]
[EventType "team-swiss"]
[EventDate "2018.12.26"]

1. e4 c5 2. Nf3 Nc6 3. Bb5 g6 4. Bxc6 dxc6 5. d3 Bg7 6. O-O e5 7. Be3 b6 8. Nc3
Ne7 9. Qd2 O-O 10. Bh6 f6 11. h3 Qe8 12. Bxg7 Kxg7 13. Nh2 g5 14. Ne2 Be6 15.
Qd1 h5 16. Ng3 Rh8 17. f3 Qg6 18. Rf2 Rag8 19. Ngf1 Qh6 20. Qe2 Ng6 21. Qd2 Nf4
22. Ng3 Kf7 23. Nf5 Bxf5 24. exf5 g4 25. fxg4 hxg4 26. Rxf4 exf4 27. Re1 gxh3
28. g4 fxg3 29. Qxh6 gxh2+ 30. Kxh2 Rxh6 31. Re6 Rg2+ 32. Kh1 h2 33. Kxg2 h1=Q+
34. Kf2 Rh2+ 35. Ke3 Qe1+ 36. Kf3 Rf2+ 37. Kg3 Qg1+ 38. Kh4 Rh2# 0-1

[Event "DVM U20 2018"]
[Site "Osnabrück GER"]
[Date "2018.12.28"]
[Round "4"]
[White "Brüll, Elias"]
[Black "Fischer, Patrick"]
[Result "1-0"]
[Termination "normal"]
[Board "5.5"]
[WhiteElo "1884"]
[BlackElo "1658"]
[WhiteTeam "SC Bavaria Regensburg"]
[BlackTeam "SF HN-Biberach 1978 e.V."]
[PlyCount "45"]
[WhiteFideId "12964921"]
[BlackFideId "12953075"]
[EventCountry "GER"]
[EventRounds "7"]
[EventType "team-swiss"]
[EventDate "2018.12.26"]

1. e4 c6 2. d4 d5 3. e5 Bf5 4. Nf3 e6 5. Be2 c5 6. Be3 cxd4 7. Nxd4 Ne7 8. O-O
Nbc6 9. f4 Nxd4 10. Bxd4 Nc6 11. Bf2 Be7 12. Nd2 O-O 13. c4 Nb4 14. Qb3 dxc4
15. Nxc4 b5 16. Ne3 a6 17. Nxf5 exf5 18. Rfd1 Qc8 19. Rac1 Qe6 20. Qxe6 fxe6
21. Rd7 Nd5 22. Bf3 Rad8 23. Bxd5 1-0

[Event "DVM U20 2018"]
[Site "Osnabrück GER"]
[Date "2018.12.28"]
[Round "4"]
[White "Späth, René"]
[Black "Ließ, Alexander"]
[Result "0-1"]
[Termination "normal"]
[Board "5.6"]
[WhiteElo "1626"]
[BlackElo "1782"]
[WhiteTeam "SF HN-Biberach 1978 e.V."]
[BlackTeam "SC Bavaria Regensburg"]
[PlyCount "88"]
[WhiteFideId "16224272"]
[BlackFideId "16221338"]
[EventCountry "GER"]
[EventRounds "7"]
[EventType "team-swiss"]
[EventDate "2018.12.26"]

1. d4 e6 2. c4 f5 3. Nc3 Nf6 4. Nf3 d6 5. g3 g6 6. Bg2 Bg7 7. O-O O-O 8. b3 Ne4
9. Bb2 Nc6 10. e3 Nxc3 11. Bxc3 Qe7 12. Qc2 e5 13. dxe5 dxe5 14. Rfd1 Be6 15.
Qb2 Bf7 16. Rd2 Rad8 17. Rad1 Rxd2 18. Rxd2 g5 19. Ne1 h5 20. Bxc6 bxc6 21. f4
Qc5 22. Nc2 Re8 23. Bb4 Qb6 24. c5 Qb5 25. a4 Qb7 26. fxg5 Qb8 27. Qc3 f4 28.
e4 Qc8 29. Qf3 Qe6 30. Rd3 Rf8 31. Bd2 fxg3 32. Qxg3 Bg6 33. Qg2 Qf7 34. Re3
Rd8 35. Ne1 Qe7 36. b4 Qe6 37. Bc3 Rf8 38. Rf3 Rxf3 39. Qxf3 Qc4 40. Qd3 Qb3
41. Bxe5 Qxb4 42. Qd8+ Kh7 43. Nd3 Qb1+ 44. Kf2 Bxe5 0-1

[Event "DVM U20 2018"]
[Site "Osnabrück GER"]
[Date "2018.12.28"]
[Round "4"]
[White "Reindl, Arno"]
[Black "Grohmann, Alexander"]
[Result "1/2-1/2"]
[Termination "normal"]
[Board "6.1"]
[WhiteElo "2053"]
[BlackElo "1985"]
[WhiteTeam "SG Schwäbisch Gmünd"]
[BlackTeam "FVS ASP Hoyerswerda"]
[PlyCount "40"]
[WhiteFideId "12946729"]
[BlackFideId "12947679"]
[EventCountry "GER"]
[EventRounds "7"]
[EventType "team-swiss"]
[EventDate "2018.12.26"]

1. e4 c5 2. Nf3 d6 3. d4 cxd4 4. Qxd4 Nc6 5. Bb5 Bd7 6. Bxc6 Bxc6 7. Nc3 Nf6 8.
Bg5 e6 9. O-O-O Be7 10. Qd3 Qa5 11. h4 h6 12. Bd2 Qc7 13. Nd4 a6 14. Rhe1 Rc8
15. g3 Ng4 16. Qe2 Ne5 17. f4 Nd7 18. Be3 Nc5 19. Nxc6 Qxc6 20. Bd4 Bf6 1/2-1/2

[Event "DVM U20 2018"]
[Site "Osnabrück GER"]
[Date "2018.12.28"]
[Round "4"]
[White "Rössel, Louis"]
[Black "Kasüschke, Lars"]
[Result "1/2-1/2"]
[Termination "normal"]
[Board "6.2"]
[WhiteElo "1977"]
[BlackElo "1987"]
[WhiteTeam "FVS ASP Hoyerswerda"]
[BlackTeam "SG Schwäbisch Gmünd"]
[PlyCount "50"]
[WhiteFideId "12966398"]
[BlackFideId "12939510"]
[EventCountry "GER"]
[EventRounds "7"]
[EventType "team-swiss"]
[EventDate "2018.12.26"]

1. e4 c5 2. Nc3 e6 3. Nf3 Nc6 4. d4 cxd4 5. Nxd4 Nf6 6. Nxc6 dxc6 7. Bd3 Bb4 8.
Bd2 O-O 9. O-O e5 10. Qf3 Be6 11. Bg5 Bxc3 12. bxc3 h6 13. Bh4 g5 14. Bg3 Nd7
15. Rab1 b6 16. Qe2 Qe7 17. Bc4 Bxc4 18. Qxc4 Nc5 19. f3 Rfe8 20. Bf2 Qe6 21.
Qb4 Nb7 22. Rfd1 Red8 23. a4 Rd7 24. Rd3 Rad8 25. Rbd1 Kg7 1/2-1/2

[Event "DVM U20 2018"]
[Site "Osnabrück GER"]
[Date "2018.12.28"]
[Round "4"]
[White "Reindl, Knut"]
[Black "Hassemeier, Mika"]
[Result "1/2-1/2"]
[Termination "normal"]
[Board "6.3"]
[WhiteElo "1857"]
[BlackElo "1833"]
[WhiteTeam "SG Schwäbisch Gmünd"]
[BlackTeam "FVS ASP Hoyerswerda"]
[PlyCount "62"]
[WhiteFideId "12946753"]
[BlackFideId "12994880"]
[EventCountry "GER"]
[EventRounds "7"]
[EventType "team-swiss"]
[EventDate "2018.12.26"]

1. c4 g6 2. Nf3 Nf6 3. g3 Bg7 4. Bg2 O-O 5. O-O d6 6. Nc3 Nc6 7. a3 a5 8. d3 e5
9. Bd2 Bd7 10. Qc1 Qc8 11. Rd1 Bh3 12. Bh1 Nh5 13. Bh6 f5 14. Bxg7 Kxg7 15. Ng5
f4 16. Nxh3 Qxh3 17. Bg2 Qg4 18. Bf3 Qg5 19. Ne4 Qe7 20. g4 Nf6 21. Nxf6 Qxf6
22. Bxc6 bxc6 23. f3 h5 24. gxh5 Qg5+ 25. Kh1 Qxh5 26. Rg1 Rh8 27. Rg2 Rh6 28.
Qe1 Rah8 29. Qf2 Qh4 30. Qxh4 Rxh4 31. b4 Ra8 1/2-1/2

[Event "DVM U20 2018"]
[Site "Osnabrück GER"]
[Date "2018.12.28"]
[Round "4"]
[White "Klinkhart, Thorbjörn"]
[Black "Lang, Thomas"]
[Result "0-1"]
[Termination "normal"]
[Board "6.4"]
[WhiteElo "1912"]
[BlackElo "1757"]
[WhiteTeam "FVS ASP Hoyerswerda"]
[BlackTeam "SG Schwäbisch Gmünd"]
[PlyCount "144"]
[WhiteFideId "12966428"]
[BlackFideId "12982520"]
[EventCountry "GER"]
[EventRounds "7"]
[EventType "team-swiss"]
[EventDate "2018.12.26"]

1. f4 d5 2. b3 Nf6 3. Nf3 c5 4. e3 e6 5. Bb2 Bd6 6. Bb5+ Bd7 7. Bxd7+ Nbxd7 8.
O-O O-O 9. d3 Qc7 10. Nbd2 Rfe8 11. g3 e5 12. Nh4 exf4 13. exf4 d4 14. c3 Nd5
15. cxd4 Ne3 16. Qf3 Nxf1 17. Kxf1 cxd4 18. Bxd4 Qc6 19. Ne4 Bf8 20. Nf5 Qe6
21. g4 f6 22. Re1 Qd5 23. Bc3 Rac8 24. Ba1 Kh8 25. Rd1 Nc5 26. Nfg3 Nxe4 27.
Nxe4 Rc2 28. g5 f5 29. Nd2 Qxf3+ 30. Nxf3 Ree2 31. Bd4 Rxa2 32. Bxa7 Reb2 33.
Bd4 Rxb3 34. h4 Kg8 35. h5 Bd6 36. g6 Bxf4 37. Re1 Ra8 38. Re7 Rb1+ 39. Ne1 Bh6
40. Kf2 hxg6 41. hxg6 b5 42. Ng2 b4 43. Ne3 Rf8 44. Rb7 Kh8 45. Nd5 b3 46. Ne7
Bg5 47. Nd5 Rg8 48. Kg2 Rc1 49. Rxb3 Rc6 50. Rb1 Rxg6 51. Kf3 Rd8 52. Rb5 Rgd6
53. Be3 Rxd5 54. Bxg5 Rxb5 55. Bxd8 Rd5 56. Bc7 Rxd3+ 57. Kf4 g6 58. Kg5 Kg7
59. Be5+ Kf7 60. Bc7 Rd2 61. Be5 Rg2+ 62. Kf4 Ke6 63. Bc7 g5+ 64. Kf3 Rc2 65.
Bd8 g4+ 66. Kg3 Ke5 67. Ba5 Ke4 68. Bb6 Rc3+ 69. Kg2 f4 70. Kf2 Rc2+ 71. Kf1
Kf3 72. Kg1 g3 0-1